Readings in physological psychology (Record no. 203725)

MARC details
000 -LEADER
fixed length control field 00747nam a2200253Ia 4500
003 - CONTROL NUMBER IDENTIFIER
control field OSt
005 - DATE AND TIME OF LATEST TRANSACTION
control field 20220918194530.0
008 - FIXED-LENGTH DATA ELEMENTS--GENERAL INFORMATION
fixed length control field 220917b |||||||| |||| 00| 0 eng d
037 ## - SOURCE OF ACQUISITION
Terms of availability Textual
040 ## - CATALOGING SOURCE
Original cataloging agency ARTS
Transcribing agency ARTS
Language of cataloging eng
041 ## - LANGUAGE CODE
Source of code eng
Language code of text/sound track or separate title eng
100 ## - MAIN ENTRY--PERSONAL NAME
Personal name Gross Charles G ed
9 (RLIN) 85481
245 #0 - TITLE STATEMENT
Title Readings in physological psychology
Remainder of title motivation
260 ## - PUBLICATION, DISTRIBUTION, ETC.
Date of publication, distribution, etc. 1969
490 ## - SERIES STATEMENT
Series statement harper's physiological sychology series ed by H Ohikio Zeiger
650 ## - SUBJECT ADDED ENTRY--TOPICAL TERM
Topical term or geographic name entry element PSYCHOLOGY
700 ## - ADDED ENTRY--PERSONAL NAME
Personal name Zeigler H philip ed
9 (RLIN) 85482
942 ## - ADDED ENTRY ELEMENTS (KOHA)
Classification part S:2:3z7, K9 (SD)
Koha item type Textual
Source of classification or shelving scheme Colon Classification (CC)
Holdings
Withdrawn status Lost status Damaged status Not for loan Home library Current library Date acquired Total Checkouts Full call number Barcode Date last seen Price effective from Koha item type
        Arts Library Arts Library 2022-09-18   S:2:3z7 K9 (SD) AL0269531 2022-09-18 2022-09-18 Textual
Copyright @ Delhi University Library System